000 00514nam a2200169Ia 4500
008 220216s9999 xx 000 0 und d
100 _aYang Lei
_cet al
245 0 _aThermooxidative degradation of natural rubber and low-protein natural rubber
260 _bJournal of Polymer Materials
_c2010
300 _a193-201
500 _aSource Year: 2010
650 _aLow-protein natural rubber
650 _aNatural rubber
650 _aThermal properties
650 _aThermooxidative degradation
942 _cJS
999 _c71263
_d71263